Random Geography Stuff - Statistics

General Stats
  • This quiz has been taken 133 times
    62 since last reset
  • The average score is 9 of 10
Answer Stats
Hint Answer % Correct
What continent is Tajikistan located on? Asia
98%
Capital of Canada Ottawa
98%
What is the biggest country by population? China
95%
What country is West of Spain? Portugal
93%
What is the largest US state? Alaska
91%
What is one of the countries off the coast of India? Sri lanka, Maldives
89%
Capital of Chile Santiago
88%
How many countries are in Oceania 14
84%
How many countries border Russia 14
82%
What state is North of New Mexico? Colorado
77%
No matching quizzes found
Score Distribution
Percent of People with Each Score
Percentile by Number Answered
Your Score History
You have not taken this quiz since the last reset